000 00371pab a2200145 454500
008 180718b2017 xxu||||| |||| 00| 0 eng d
100 _aSinha, Neha
245 _aOf pachyderms and poop: a national elephant survey
260 _c2017
300 _ap.17-20.
362 _a10 Jun
650 _aWild animals
773 _aEconomic and Political Weekly
909 _a114866
999 _c114860
_d114860